zpět

Detail výsledku týmu

Pivovar Born, Nový Bor

Datum a čas kvízu

25.5 Celkem bodů Celkový počet nahraných bodů na tomto kvízu bez doplňovacích otázek.
9. Pořadí na kvízu Konečné umístění týmu na tomto kvízu.

Zaznamenané odpovědi

# Otázka Odpověď Body Výsledky
1. Ve středu jmenovala vláda Víta... GIBS (Generální inspekce bezpečnostních sborů) 0
2. Ve kterém evropském hlavním mě... v Kyjevě 1
3. 23 dní před letošním vyhlášení... Daniela Kolářová 1
4. Česká národní banka minulý týd... posílat peníze na telefonní číslo 0
5. Česká fotbalová reprezentace v... Albánie, 1:1 1
6. Podle některých statistik obýv... zmije 0
7. Mezi člověku velmi nebezpečná... A 1
8. Sloni afričtí každoročně zabij... Zoo Dvůr Králové a Zoo Zlín (Lešná) 0
9. Nebezpečným zvířetem, s nímž s... medvěd kodiak 0
10. Desítky tisíc lidských životů... C 0